Spanish-Language Songs - Statistics

General Stats
  • This quiz has been taken 101 times
  • The average score is 9 of 20
Answer Stats
Year Song Artist % Correct
2017 Despacito Luis Fonsi
91%
2004 Gasolina Daddy Yankee
88%
2014 Bailando Enrique Iglesias
83%
2020 Dákiti Bad Bunny
78%
2017 Mi Gente J Balvin
78%
2019 Tusa Karol G
76%
2013 Vivir Mi Vida Marc Anthony
63%
2010 Danza Kuduro Don Omar
62%
2005 La Tortura Shakira
61%
2002 A Dios le Pido Juanes
46%
1998 La Vida es un Carnaval Celia Cruz
34%
1998 Suavemente Elvis Crespo
34%
1994 Amor Prohibido Selena
28%
2003 Mariposa Traicionera Maná
24%
2007 Mi Corazoncito Aventura
22%
1984 Querida Juan Gabriel
19%
1995 La Tierra del Olvido Carlos Vives
18%
1970 La Nave del Olvido José José
12%
2000 A Puro Dolor Son by Four
10%
1978 El Cantante Héctor Lavoe
9%
No matching quizzes found
Score Distribution
Percent of People with Each Score
Percentile by Number Answered
Your Score History
You have not taken this quiz